| 000 | 01415cam a2200397 a 4500 | ||
|---|---|---|---|
| 001 | 4026398 | ||
| 003 | PILC | ||
| 005 | 20160119104025.0 | ||
| 008 | 950501s1995 nyua b 000 1 eng d | ||
| 010 | _a 97184240 | ||
| 020 |
_a0671722808 : _c$3.99 ($4.99 Can.) |
||
| 035 | _a(OCoLC)32401046 | ||
| 040 |
_aIHS _cIHS _dO _dDLC |
||
| 042 | _alccopycat | ||
| 050 | 0 | 0 |
_aPR 2828.A2 _b.Sh527 1995 |
| 082 | 0 | 0 |
_aHS 822.33Q1 _bSh1 1995 |
| 100 | 1 |
_aShakespeare, William _d1564-1616. _912693 |
|
| 245 | 1 | 0 |
_aMuch ado about nothing _cWilliam Shakespeare |
| 250 | _aWashington Square Press new Folger's ed. | ||
| 260 |
_aNew York : _bWashington Square Press, _cc1995. |
||
| 300 |
_a246 p. : _bill. ; _c18 cm. |
||
| 440 | 4 |
_aThe New Folger Library Shakespeare _911134 |
|
| 500 | _aIncludes bibliographic references (p. 231-243). | ||
| 600 | 1 | 0 |
_aShakespeare, William, _d1564-1616. _tMuch ado about nothing. _912694 |
| 650 | 0 |
_aRejection (Psychology) _vDrama. _912695 |
|
| 650 | 0 |
_aConspiracies _vDrama. _912696 |
|
| 650 | 0 |
_aCourtship _vDrama. _912697 |
|
| 651 | 0 |
_aMessina (Italy) _vDrama. _912698 |
|
| 655 | 7 |
_aComedies. _2gsafd _97774 |
|
| 700 | 1 |
_aMowat, Barbara A. _98923 |
|
| 700 | 1 |
_aWerstine, Paul. _98924 |
|
| 906 |
_a7 _bcbc _ccopycat _d3 _encip _f19 _gy-gencatlg |
||
| 942 |
_2lcc _cBK |
||
| 999 |
_c9180 _d9180 |
||